| 000 | 01319nam0a2200373 4500 | ||
|---|---|---|---|
| 001 | RU\NLR\bibl\1785601 | ||
| 005 | 20250616140604.0 | ||
| 010 |
_a978-5-86765-436-8 _9200 |
||
| 021 |
_aRU _b2011-43236 _93066 |
||
| 035 | _a(nilc)RSL-KNO-004954903 | ||
| 035 | _a(NLR Aleph) 001776327 | ||
| 090 |
_a1669514 _c1669514 |
||
| 100 | _a20110614d2011 |||y0rusy50 ca | ||
| 101 | 0 | _arus | |
| 102 | _aRU | ||
| 105 | _aa ||||||||| | ||
| 200 | 1 |
_aОсновы теории великого объединения _fН. Г. Кудюков |
|
| 205 | _aИзд. 2-е, перераб. | ||
| 210 |
_aЧебоксары _cЧувашия _d2011 |
||
| 215 |
_a125, [1] с. _cил., табл. _d20 |
||
| 320 | _aБиблиогр.: с. 124 (9 назв.) | ||
| 606 | 1 |
_a"Великое объединение", теоретическая модель _92126019 _3RU\NLR\auth\661283269 |
|
| 606 | 1 |
_aФизика _xФилософские вопросы _91239968 _3RU\NLR\auth\66189027 |
|
| 686 |
_aВ382.18,0 _2rubbk |
||
| 686 | _aВ31в | ||
| 686 |
_aЮ252 _bВ3 |
||
| 700 | 1 |
_aКудюков _bН. Г. _gНиколай Григорьевич _4070 |
|
| 801 | 0 |
_aRU _bRuMoRKP _c20110614 _grcr |
|
| 801 | 1 |
_aRU _bРГБ _c20110614 |
|
| 801 | 2 |
_aRU _bNLR _c20110705 _grcr |
|
| 942 | _cBOOK | ||
| 980 | _aNB | ||
| 980 | _aNBR | ||